Boléro brillant, op. 64 Klavier /

Hlavní autor: Leybach, Joseph, 1817-1891
Jazyk: Nelze použít, není lingvistický obsah
Vydáno: Mainz : Schott, [1880?]
Edice: Edition Schott
Fyzický popis: 11 s.
Hudebniny Hudebniny
Uloženo v:
LEADER 00747ncm a22002292a 4500
001 001240298
003 CZ BrMZK
005 20120817085121.0
007 qu
008 120817s1880 gw |||||||||||||||||zxx d
040 |a BOA001  |b cze 
072 7 |a 786  |x Hudba pro klávesové nástroje  |2 Konspekt  |9 9 
100 1 |a Leybach, Joseph,  |d 1817-1891  |7 xx0020200  |4 cmp 
245 1 0 |a Boléro brillant, op. 64  |h [hudebnina] :  |b Klavier /  |c Ignace Xavier Joseph Leybach 
260 |a Mainz :  |b Schott,  |c [1880?] 
300 |a 11 s. 
490 1 |a Edition Schott ;  |v No. 08868 
830 0 |a Edition Schott 
910 |a BOA001  |b Mus4-0466.242 
990 |a MU 
991 |b 201208 
996 6 |b 2619075277  |c Mus4-0466.242  |l MZK  |r Sklad / do 1 hodiny  |n 0  |w 001274271  |u 000010  |a 1  |e BOA001  |j MZK50  |s P